| 000 | 01387nam a2200349 i 4500 | ||
|---|---|---|---|
| 003 | CO-BoRNBP | ||
| 005 | 20250214143417.0 | ||
| 007 | ta | ||
| 008 | 250214s2023 ck a|||| |||| 00| 0 spa d | ||
| 020 | _a9786287672086 | ||
| 040 |
_aCO-BoRNBP _bspa _cCO-BoRNBP _erda |
||
| 041 |
_aspa _heng |
||
| 084 | _aC SLO14 | ||
| 100 | 1 |
_aSlobodkin, Louis _d1903-1975 _eautor _958388 |
|
| 245 | 1 | 0 |
_aNomi y sus queridos animales/ _cilustraciones y texto Louis Slobodkin; traducción, Virginia López Ballesteros |
| 250 | _aEdición especial | ||
| 264 | 1 |
_aBogotá, Colombia _bEdiciones Loqueleo _c2023 |
|
| 264 | 4 | _c©2023 | |
| 300 |
_a36 páginas, _bilustraciones a color, _c25 cm |
||
| 336 |
_2rdacontent _atexto _btxt |
||
| 337 |
_2rdamedia _asin mediación _bn |
||
| 338 |
_2rdacarrier _avolumen _bnc |
||
| 490 |
_aPlan Nacional de Lectura, Escritura y Oralidad _pMinisterio de Cultura |
||
| 521 | _aRecomendado para un público infantil a partir de los 6 años | ||
| 534 | _tNomi and the Lovely animals | ||
| 650 | 1 | 7 |
_2ARMARC _aCuentos infantiles estadounidenses _vSiglo XX _958389 |
| 650 | 1 | 7 |
_2ARMARC _aLiteratura infantil estadounidenses _vSiglo XX _958390 |
| 650 | 1 | 7 |
_2ARMARC _aRespetos por los animales en la literatura _958391 |
| 650 | 1 | 7 |
_2ARMARC _aConservación del hábitat en la literatura _958392 |
| 700 | 1 |
_aLópez Ballesteros, Virginia _etraductora _958393 |
|
| 942 |
_2ddc _cBKINF |
||
| 999 |
_c56906 _d56906 |
||